00976nas a2200229Ia 4500001001100000003000900011008004100020040001300061040001300074041001300087100003800100210001600138222001600154245009900170250001100269260003900280501008600319300001000405362003300415500026200448650003600710R017/F3817IT-RoPAU151124c99999999xx |||||||||||| ||und|| aIT-RoPAU cIT-RoPAU aITALIANO aAA.VV. gCodice Aut. SPICS: 12000 aFILMCRITICA aFilmcritica aFILMCRITICA SCUOLA, ANNO 01-N.02 (LUGLIO 1998)bFilmcritica Scuola, Anno 01-N.02 (Luglio 1998) a1a ed. aMONTEPULCIANO (SI)bLE BALZEc1998 bPaulus - SPICS - Società San Paolo EM (non-commercial uses only)cCopyright2015 a16 p. aANNO 001, N.02 (LUGLIO 1998) aSuppl. a Filmcritica 486/487. Il Cinema Nelle Scuole di A. Ciai. Cinestoria: Arrivano i Trucchi di E. Bruno. Il Gabinetto del Dottor Caligari di Robert Wiene di A. Cappabianca. La Vita è Bella di Roberto Benigni di D. Dottorini. Alfred Hitchcock di A. Cap aCINEMAvPUBBLICAZIONE PERIODICA